Odgadnij numery piłkarzy Realu Madryt 2020/2021 - Statystyki

Ogólne statystyki
  • Ten quiz został rozwiązany 208 razy
  • Średni wynik to 14 z 24
Statystyki odpowiedzi
Numer Pozycja Odpowiedź % Poprawnych
1 BR Courtois
93%
13 BR Lunin
85%
10 POM Modric
80%
9 N Benzema
78%
12 OB Marcelo
78%
2 OB Carvajal
77%
8 POM Kroos
77%
4 OB Ramos
71%
15 POM Valverde
70%
23 OB Mendy
69%
14 POM Casemiro
68%
7 N Hazard
68%
3 OB Militao
67%
6 OB Nacho
62%
20 N Vinicius Jr
60%
22 POM Isco
59%
5 OB Varane
59%
11 N Asensio
52%
25 N Rodrygo
43%
19 OB Odriozola
38%
24 N Mariano
35%
17 N Vasquez
17%
34 N Duro
8%
30 N Arribas
7%
Nie znaleziono quizów pasujących do podanych kryteriów
Rozkład punktacji
Procent ludzi z każdym wynikiem
Percentyl według liczby udzielonych odpowiedzi
Twoja historia wyników
Nie rozwiązałeś tego quizu